Scientific visualisation : overviews, methodologies, and techniques
Αποθηκεύτηκε σε:
| Κύριος συγγραφέας: | |
|---|---|
| Άλλοι συγγραφείς: | , |
| Μορφή: | Βιβλίο |
| Γλώσσα: | English |
| Δημοσίευση: |
Los Alamitos, Calif. :
IEEE Computer Society,
c1997
|
| Θέματα: | |
| Ετικέτες: |
Προσθήκη ετικέτας
Δεν υπάρχουν, Καταχωρήστε ετικέτα πρώτοι!
|
MARC
| LEADER | 00000nam a2200000 i 4500 | ||
|---|---|---|---|
| 001 | 1/83725 | ||
| 008 | 990609s1997 eng d | ||
| 020 | |a 0-8186-7777-5 | ||
| 035 | |l 10051423 | ||
| 040 | |a GR-MY-UA |b gre |e aacr | ||
| 041 | 0 | |a eng | |
| 082 | 0 | |a 501 | |
| 100 | 1 | |a Nielson, Gregory M. | |
| 245 | 1 | 0 | |a Scientific visualisation : |b overviews, methodologies, and techniques / |c Gregory M. Nielson, Hans Hagen, Heinrich Muller |
| 260 | |a Los Alamitos, Calif. : |b IEEE Computer Society, |c c1997 | ||
| 300 | |a xiii, 577 p.; |b ill. (some col.); |c c1997 | ||
| 500 | |a Includes bibliographical references and index | ||
| 650 | 0 | 0 | |a Science |x Methodology. |
| 650 | 0 | 0 | |a Visualization |x Technique. |
| 650 | 0 | 0 | |a Algorithms. |
| 700 | 1 | |a Hagen, H. (Hans) |d 1953- | |
| 700 | 1 | |a Muller, Heinrich. | |
| 852 | |a INST |b SAMOS |e 19990609 |h 501 NIE |p 005300012597 |q 005300012597 |t BK |y 23 | ||
| 852 | |a INST |b SAMOS |e 20010809 |h 501 NIE |p 005300020601 |q 005300020601 |t BK |y 0 | ||
| 852 | |a INST |b SAMOS |e 20010809 |h 501 NIE |p 005300020602 |q 005300020602 |t BK |y 0 | ||
| 852 | |a INST |b SAMOS |e 20010809 |h 501 NIE |p 005300020603 |q 005300020603 |t BK |y 0 | ||
| 901 | |a BIBL3-1999-2 | ||
| 909 | |a Σ |b 065496 | ||
| 909 | |a Σ |b 087146 | ||
| 909 | |a Σ |b 087092 | ||
| 909 | |a Σ |b 087093 | ||
| 922 | |a 3ΕΛΗ |b 199812 |c ΤΠΕΣ |d ΠΑΠΑΣΩΤΗΡΙΟΥ | ||
| 922 | |a 3ΕΛΗ |b 200008 |c ΤΠΕΣ/ΠΟΛ-2 |d LEADER | ||